000 00500nam a2200157 i 4500
001 164871
003 ES-MaACL
005 20230906213026.0
008 050808s1874 it |||| | ita d
100 1 _aScalvini, Antonio.
_9132526
245 1 2 _aI cavalieri del Macao /
_cper Antonio Scalvini.
260 _aMilano :
_bEdoardo Sonzogno,
_c1874.
300 _a376 p. ;
_c19 cm.
700 1 _aSonzogno, Edoardo.
_9132820
852 _aES-MaACL
_jD-1309
_z- Enc. hol.
_z. - Legado de Modesto de La Fuente
999 _c164871
_d164871